অ্যারিস্টটলের পলিটিক্স্ / (Record no. 46963)
[ view plain ]
| 000 -LEADER | |
|---|---|
| fixed length control field | 01061nam a2200253 a 4500 |
| 001 - CONTROL NUMBER | |
| control field | 46963 |
| 003 - CONTROL NUMBER IDENTIFIER | |
| rucl marc code | BD-RjUL |
| 005 - DATE AND TIME OF LATEST TRANSACTION | |
| control field | 20211209054234.0 |
| 008 - FIXED-LENGTH DATA ELEMENTS--GENERAL INFORMATION | |
| fixed length control field | 160806s1993 ii |||| ||| 000 0 ben d |
| 020 ## - INTERNATIONAL STANDARD BOOK NUMBER | |
| Terms of availability | : Tk. 25.00 |
| 035 ## - SYSTEM CONTROL NUMBER | |
| System control number | (BD-RjUL)47082 |
| 040 ## - CATALOGING SOURCE | |
| Original cataloging agency | BD-RjUL |
| Language of cataloging | ben |
| Transcribing agency | BD-RjUL |
| Modifying agency | BD-RjUL |
| 041 ## - LANGUAGE CODE | |
| Language code of text/sound track or separate title | ben |
| 082 ## - DEWEY DECIMAL CLASSIFICATION NUMBER | |
| Edition number | 23 |
| Classification number | 320 |
| Author mark and year | BAA 1993 |
| 100 1# - MAIN ENTRY--PERSONAL NAME | |
| Personal name | বার্কার, আর্নেস্ট |
| 9 (RLIN) | 143051 |
| 245 10 - TITLE STATEMENT | |
| Title | অ্যারিস্টটলের পলিটিক্স্ / |
| Statement of responsibility, etc. | আর্নেস্ট বার্কার ; অনুবাদ :নির্মলকান্তি মজুমদার |
| 250 ## - EDITION STATEMENT | |
| Edition statement | ৩ য় সং. |
| 260 ## - PUBLICATION, DISTRIBUTION, ETC. (IMPRINT) | |
| Place of publication, distribution, etc. | কলকাতা : |
| Name of publisher, distributor, etc. | পশ্চমবঙ্গ রাজ্য পুস্তক পর্সৎ, |
| Date of publication, distribution, etc. | ১৯৯৩ |
| 300 ## - PHYSICAL DESCRIPTION | |
| Pagination | ৪৩২ পৃ. ; |
| Size | 21 সেমি. |
| 650 ## - SUBJECT ADDED ENTRY--TOPICAL TERM | |
| Topical term or geographic name as entry element | রাষ্ট্রবিজ্ঞান |
| 9 (RLIN) | 143052 |
| Topical term or geographic name as entry element | Political Science |
| 9 (RLIN) | 143053 |
| 700 ## - ADDED ENTRY--PERSONAL NAME | |
| Personal name | মজুমদার, নির্মলকান্তি |
| 942 ## - ADDED ENTRY ELEMENTS (KOHA) | |
| Source of classification or shelving scheme | Dewey Decimal Classification |
| Koha item type | Books |
| Lost status | Source of classification or shelving scheme | Damaged status | Not for loan | Collection code | Permanent Location | Current Location | Shelving location | Date acquired | Source of acquisition | Cost, normal purchase price | Total Checkouts | Full call number | Date last seen | Date checked out | Copy number | Koha item type |
|---|---|---|---|---|---|---|---|---|---|---|---|---|---|---|---|---|
| Dewey Decimal Classification | Non-fiction | Central Library, University of Rajshahi | Central Library, University of Rajshahi | 22/12/1997 | Aligor Library, Rajshahi | 170.00 | 2 | B 320 BAA 1993 | 16/09/2025 | 03/09/2025 | C-2 | Books |